|
|
|
|
| LEADER |
00801nam a2200205 a 4500 |
| 008 |
090809s2001 enk b 000 1 eng d |
| 020 |
|
|
|a 1840224223
|
| 082 |
0 |
0 |
|a 813/.08733
|2 21
|
| 100 |
1 |
|
|a James, Henry,
|d 1843-1916.
|
| 245 |
0 |
0 |
|a Ghost stories /
|c Henry James ; with an introduction and notes by Martin Scofield.
|
| 260 |
|
|
|a London :
|b Wordsworth,
|c 2001
|
| 300 |
|
|
|a xxv, 344 p. ;
|c 20 cm.
|
| 490 |
0 |
|
|a Wordsworth classics
|
| 504 |
|
|
|a Includes bibliographical references.
|
| 541 |
1 |
|
|e 00015876
|
| 650 |
|
0 |
|a Ghost stories, American.
|
| 852 |
4 |
|
|a Ayesha Abed Library
|j General shelf
|
| 942 |
0 |
0 |
|0 1
|
| 999 |
|
|
|c 3669
|d 3669
|
| 952 |
|
|
|0 0
|1 0
|2 ddc
|4 0
|6 813_087330000000000_JAM
|7 0
|9 3330
|a BRACUL
|b BRACUL
|c GEN
|d 2009-09-03
|g 152.00
|l 30
|m 115
|o 813.08733 JAM
|p 3010015876
|r 2026-02-01
|s 2026-01-07
|t 1
|v 304.00
|w 2009-09-03
|y BK
|